Wavelets : Tools for Science and Technology /

Contenido: Señales y ondículas; Ondículas, su perspectiva histórica; Cuadratura de filtros de espejo; Algoritmos piramidales para el procesamiento de imágenes; Análisis de frecuencia de tiempo para procesamiento de señales; Algoritmos de frecuencia de tiempo usando ondículas de Malvar-Wilson; Anális...

Täydet tiedot

Tallennettuna:
Bibliografiset tiedot
Päätekijä: Jaffard, Stéphane (autor)
Muut tekijät: Meyer, Yves (autor) (autor), Ryan, Robert D. (autor) (autor)
Aineistotyyppi: Kirja
Kieli:englanti
Julkaistu: Filadelfia, EUA : Society for Industrial and Applied Mathematics, 2001, c2001
Aiheet:
Tagit: Lisää tagi
Ei tageja, Lisää ensimmäinen tagi!

MARC

LEADER 00000nam^a2200000^a^4500
001 000167536
005 20250521000000.0
009 20260310101130.697
020 |a 0-89871-448-6 
037 |a Acervo ITESO - Biblioteca 
041 |a ING 
082 |a 515. 2433  |b JAF 
100 |a Jaffard, Stéphane  |e (autor) 
245 1 0 |a Wavelets :  |b Tools for Science and Technology /  |c S. Jaffard, Y. Meyer, R.D. Ryan. 
264 4 |a Filadelfia, EUA :  |b Society for Industrial and Applied Mathematics,  |c 2001, c2001 
300 |a XI, 256 p. 
336 |a texto  |b txt  |2 rdacontenido 
337 |a sin mediación  |b n  |2 rdamedio 
338 |a volumen  |b nc  |2 rdasoporte 
520 |a Contenido: Señales y ondículas; Ondículas, su perspectiva histórica; Cuadratura de filtros de espejo; Algoritmos piramidales para el procesamiento de imágenes; Análisis de frecuencia de tiempo para procesamiento de señales; Algoritmos de frecuencia de tiempo usando ondículas de Malvar-Wilson; Análisis de frecuencia de tiempo y paquetes de ondículas; Visión por computadora y visión humana; Ondículas y turbulencia; Ondículas y funciones multifractales; Compresión de datos y restauración de ruidos en imágenes; Ondículas y astronomía; Apéndices. 
649 |a XX 
650 |a Ondículas (Matemáticas) 
650 |a Análisis de Fourier 
650 |a Análisis Armónico 
650 |a Matemáticas 
700 |a Meyer, Yves  |e (autor) 
700 |a Ryan, Robert D.  |e (autor) 
910 |a Fondo General 
920 |a Impresos - Libros 
930 |a Colección General 
905 |a 101 
901 |a 0500103681  |b IT1  |c ACC  |u 20250521 
902 |a https://opac.biblio.iteso.mx/vufind/Record/000167536